Châu Âu - Qui định và tiêu chuẩn trong xây dựng và phòng cháy chữa cháy
সংরক্ষণ করুন:
| প্রধান লেখক: | |
|---|---|
| বিন্যাস: | গ্রন্থ |
| ভাষা: | Undetermined |
| প্রকাশিত: |
Hà Nội
Lao động
2010
|
| বিষয়গুলি: | |
| ট্যাগগুলো: |
ট্যাগ যুক্ত করুন
কোনো ট্যাগ নেই, প্রথমজন হিসাবে ট্যাগ করুন!
|
| Thư viện lưu trữ: | Trung tâm Học liệu Trường Đại học Cần Thơ |
|---|
| LEADER | 00652nam a2200205Ia 4500 | ||
|---|---|---|---|
| 001 | CTU_161076 | ||
| 008 | 210402s9999 xx 000 0 und d | ||
| 020 | |c 95000 | ||
| 082 | |a 624.0218 | ||
| 082 | |b V300 | ||
| 100 | |a Lê, Vi | ||
| 245 | 0 | |a Châu Âu - Qui định và tiêu chuẩn trong xây dựng và phòng cháy chữa cháy | |
| 245 | 0 | |c Lê Vi, Nguyên Ngọc | |
| 260 | |a Hà Nội | ||
| 260 | |b Lao động | ||
| 260 | |c 2010 | ||
| 650 | |a Construction industry,Tiêu chuẩn xây dựng châu Âu | ||
| 650 | |x standard | ||
| 910 | |a Nguyên | ||
| 980 | |a Trung tâm Học liệu Trường Đại học Cần Thơ | ||